काव्यशास्त्र के नये आयाम / (Record no. 120060)
[ view plain ]
| 000 -LEADER | |
|---|---|
| fixed length control field | 01179nam a22002537a 4500 |
| 005 - DATE AND TIME OF LATEST TRANSACTION | |
| control field | 20170124103152.0 |
| 010 ## - LIBRARY OF CONGRESS CONTROL NUMBER | |
| LC control number | B-093134 |
| 020 ## - INTERNATIONAL STANDARD BOOK NUMBER | |
| Terms of availability | 00.00 |
| International Standard Book Number | 8186050691 |
| 035 ## - SYSTEM CONTROL NUMBER | |
| System control number | B-093134 |
| 037 ## - SOURCE OF ACQUISITION | |
| Source of stock number/acquisition | Cen Lib/Ret |
| 040 ## - CATALOGING SOURCE | |
| Original cataloging agency | DPL |
| Language of cataloging | HN |
| 082 ## - DEWEY DECIMAL CLASSIFICATION NUMBER | |
| Classification number | 821.08 |
| Item number | पाण्डेय |
| 100 ## - MAIN ENTRY--PERSONAL NAME | |
| Personal name | पाण्डेय, हरिप्रसाद |
| 9 (RLIN) | 44529 |
| 245 ## - TITLE STATEMENT | |
| Title | काव्यशास्त्र के नये आयाम / |
| Statement of responsibility, etc | हरिप्रसाद पाण्डेय |
| 246 ## - VARYING FORM OF TITLE | |
| Title proper/short title | Kavyeshastr ke naye aayam / |
| Remainder of title | by Hariprasad Pandey |
| 260 ## - PUBLICATION, DISTRIBUTION, ETC. (IMPRINT) | |
| Place of publication, distribution, etc | दिल्ली |
| Name of publisher, distributor, etc | भारतीय कला प्रकाशन |
| Date of publication, distribution, etc | 2002 |
| 270 ## - ADDRESS | |
| Address | 3421-ए, द्वितीय ताल, नारंग कालोनी, त्रिनगर |
| City | दिल्ली |
| Postal code | 110035 |
| 300 ## - PHYSICAL DESCRIPTION | |
| Extent | viii,180पृ. |
| Dimensions | 20सेमी(सजिल्द) |
| 650 ## - SUBJECT ADDED ENTRY--TOPICAL TERM | |
| Topical term or geographic name as entry element | हिन्दी -- साहित्य |
| 9 (RLIN) | 88295 |
| 650 ## - SUBJECT ADDED ENTRY--TOPICAL TERM | |
| Topical term or geographic name as entry element | हिन्दी -- नये काव्यशास्त्र |
| 9 (RLIN) | 88296 |
| 650 ## - SUBJECT ADDED ENTRY--TOPICAL TERM | |
| Topical term or geographic name as entry element | Hindi literature |
| 9 (RLIN) | 88297 |
| 650 ## - SUBJECT ADDED ENTRY--TOPICAL TERM | |
| Topical term or geographic name as entry element | Hindi - New Poetics |
| 9 (RLIN) | 88298 |
| 942 ## - ADDED ENTRY ELEMENTS (KOHA) | |
| Source of classification or shelving scheme | Dewey Decimal Classification |
| Koha item type | Hindi Books |
| Classification part | 821.08 |
| Call number suffix | पाण्डेय |
| Withdrawn status | Lost status | Damaged status | Not for loan | Home library | Current library | Date acquired | Source of acquisition | Cost, normal purchase price | Total Checkouts | Full call number | Barcode | Date last seen | Date checked out | Copy number | Cost, replacement price | Price effective from | Koha item type |
|---|---|---|---|---|---|---|---|---|---|---|---|---|---|---|---|---|---|
| Central Library | Central Library | 21/09/2015 | Cen Lib/Ret | 0.00 | 2 | 821.08 पाण्डेय | B-093134 | 13/11/2018 | 29/10/2018 | 1 | 0.00 | 21/09/2015 | Hindi Books |
